000 00480nam a2200181Ia 4500
001 43233
008 140425s9999 xx 000 0 und d
020 _aNA
040 _cPK-LaUMT
082 _aRHC 891.4394
_bHAN-M
100 _aHanif Shahid, Muhammad
245 _aMaqalaat-e-Abdul Qadir (Urdu)
_cHanif Shahid, Muhammad
260 _aLahore,Pakistan:
_bMajlas-e-Taraqi Adab,
_c1986
300 _a345 p.
546 _aUR
650 _aPakistani literature-Urdu
942 _cBK
999 _c41243
_d41243